<?xml version="1.0" encoding="UTF-8"?>
<record
    xmlns:xsi="http://www.w3.org/2001/XMLSchema-instance"
    xsi:schemaLocation="http://www.loc.gov/MARC21/slim http://www.loc.gov/standards/marcxml/schema/MARC21slim.xsd"
    xmlns="http://www.loc.gov/MARC21/slim">

  <leader>00959nam a2200241 a 4500</leader>
  <controlfield tag="001">BRCA_3824</controlfield>
  <controlfield tag="005">20190320204434.0</controlfield>
  <controlfield tag="008">931006s1990    mx-ab####b---#000-0#spa-#</controlfield>
  <datafield tag="020" ind1=" " ind2=" ">
    <subfield code="a">9688055727</subfield>
  </datafield>
  <datafield tag="041" ind1=" " ind2=" ">
    <subfield code="a">spa</subfield>
  </datafield>
  <datafield tag="044" ind1=" " ind2=" ">
    <subfield code="a">mx</subfield>
  </datafield>
  <datafield tag="050" ind1=" " ind2="4">
    <subfield code="a">F1203</subfield>
    <subfield code="b">.A73 1990</subfield>
  </datafield>
  <datafield tag="245" ind1="1" ind2="0">
    <subfield code="a">Archivo General de la Naci&#xF3;n</subfield>
    <subfield code="b">M&#xE9;xico : gu&#xED;a general</subfield>
    <subfield code="c">coordinaci&#xF3;n general Juan Manuel Herrera Huerta, Victoria San Vicente Tello.</subfield>
  </datafield>
  <datafield tag="260" ind1=" " ind2=" ">
    <subfield code="a">M&#xE9;xico</subfield>
    <subfield code="b">AGN</subfield>
    <subfield code="c">1990</subfield>
  </datafield>
  <datafield tag="300" ind1=" " ind2=" ">
    <subfield code="a">525 p.</subfield>
    <subfield code="b">il., mapas</subfield>
    <subfield code="c">31 cm.</subfield>
    <subfield code="e">1 hoja plegable : Gr&#xE1;fica de la evoluci&#xF3;n de las dependencias centralizadas de la Administraci&#xF3;n P&#xFA;blica Federal a partir de 1821</subfield>
  </datafield>
  <datafield tag="500" ind1=" " ind2=" ">
    <subfield code="a">Incluye &#xED;ndices de grupos documentales</subfield>
  </datafield>
  <datafield tag="504" ind1=" " ind2=" ">
    <subfield code="a">Bibliograf&#xED;a: p. 513-515</subfield>
  </datafield>
  <datafield tag="610" ind1="2" ind2="4">
    <subfield code="a">Archivo General de la Naci&#xF3;n (Ciudad de M&#xE9;xico)</subfield>
    <subfield code="v">Gu&#xED;as</subfield>
    <subfield code="9">9957</subfield>
  </datafield>
  <datafield tag="651" ind1=" " ind2="4">
    <subfield code="a">M&#xE9;xico</subfield>
    <subfield code="x">Historia</subfield>
    <subfield code="9">614</subfield>
  </datafield>
  <datafield tag="700" ind1="1" ind2=" ">
    <subfield code="a">Herrera Huerta, Juan Manuel</subfield>
    <subfield code="9">9958</subfield>
  </datafield>
  <datafield tag="700" ind1="1" ind2=" ">
    <subfield code="a">Vicente Tello, Victoria San</subfield>
    <subfield code="9">9959</subfield>
  </datafield>
  <datafield tag="942" ind1=" " ind2=" ">
    <subfield code="2">lcc</subfield>
    <subfield code="c">B</subfield>
  </datafield>
  <datafield tag="999" ind1=" " ind2=" ">
    <subfield code="c">3553</subfield>
    <subfield code="d">3553</subfield>
  </datafield>
  <datafield tag="952" ind1=" " ind2=" ">
    <subfield code="0">0</subfield>
    <subfield code="1">0</subfield>
    <subfield code="4">0</subfield>
    <subfield code="7">0</subfield>
    <subfield code="a">BRCA</subfield>
    <subfield code="b">BRCA</subfield>
    <subfield code="d">2009-12-01</subfield>
    <subfield code="l">0</subfield>
    <subfield code="o">F1203 .A73 1990</subfield>
    <subfield code="p">01056</subfield>
    <subfield code="r">2019-03-22 00:00:00</subfield>
    <subfield code="w">2019-03-22</subfield>
    <subfield code="y">B</subfield>
  </datafield>
</record>
